| 000 | 00526nam a2200193Ia 4500 | ||
|---|---|---|---|
| 003 | OSt | ||
| 005 | 20250722114212.0 | ||
| 008 | 210210b1997 xxu||||| |||| 00| 0 eng d | ||
| 040 | _cAL | ||
| 041 | _aKannada | ||
| 082 | _aK894.2 AKSS | ||
| 100 |
_aAKSHARA (K V) _dಅಕ್ಷರ (ಕೆ ವಿ) _9219638 |
||
| 245 |
_aSahyadri kanda. _bಸಹ್ಯಾದ್ರಿ ಕಾಂಡ. |
||
| 260 |
_aSagara _bAkshara Prakashana _c1997 |
||
| 300 | _a96 | ||
| 690 |
_aKannada Drama _9219639 |
||
| 906 | _a053904 | ||
| 942 |
_2ddc _cBK |
||
| 999 |
_c101813 _d101813 |
||